| 000 | 00311nam a22001097a 4500 | ||
|---|---|---|---|
| 082 | _a200 THE | ||
| 100 |
_aZeeshan Ali Cheema _973174 |
||
| 245 | _aTH-SOF-1770-WIND SPEED ESTIMATION USING ARTIFICIAL NEURAL NETWORKS | ||
| 650 |
_aMS-MTS-16 [8] _973175 |
||
| 700 | _aSupervisor Dr. Imran Shafi | ||
| 942 |
_cCF _2ddc |
||
| 999 |
_c579005 _d579005 |
||